|
|
|
|
| LEADER |
00000nam0a2200000 4500 |
| 001 |
144863 |
| 005 |
20231031143846.0 |
| 035 |
|
|
|a (RuTPU)RU\TPU\book\157015
|
| 090 |
|
|
|a 144863
|
| 100 |
|
|
|a 20081009d1970 m y0rusy50 ca
|
| 101 |
0 |
|
|a rus
|
| 102 |
|
|
|a RU
|
| 105 |
|
|
|a a z 001zy
|
| 200 |
1 |
|
|a Исследования по технологии цемента
|h Вып. 6
|f Сибирский филиал государственного Всесоюзного научно-исследовательского института цементной промышленности (СИБНИИЦЕМЕНТ); под ред. А. В. Киселева
|
| 210 |
|
|
|a Красноярск
|c Красноярское книжное изд-во
|d 1970
|
| 215 |
|
|
|a 231 с.
|c ил.
|
| 320 |
|
|
|a Библиография в конце глав.
|
| 610 |
1 |
|
|a цемент
|
| 610 |
1 |
|
|a исследования
|
| 610 |
1 |
|
|a технология
|
| 610 |
1 |
|
|a производство
|
| 675 |
|
|
|a 666.94
|v 3
|
| 702 |
|
1 |
|a Киселев
|b А. В.
|4 340
|
| 712 |
0 |
2 |
|a Сибирский филиал государственного Всесоюзного научно-исследовательского института цементной промышленности (СИБНИИЦЕМЕНТ)
|2 stltpush
|3 (RuTPU)RU\TPU\col\13610
|
| 801 |
|
1 |
|a RU
|b 63413507
|c 20081009
|g PSBO
|
| 801 |
|
2 |
|a RU
|b 63413507
|c 20081125
|g PSBO
|
| 942 |
|
|
|c BK
|